000 00629nam a22001817a 4500
003 OSt
005 20240826091654.0
008 240826b ||||| |||| 00| 0 eng d
040 _cAIMIT LIBRARY
100 _aAkhila
_e2216008
_9177883
245 _aComparative study on financial performance of marine food companies /
_cBy Akhila ; Guided by Poulami Saha.
260 _aUdupi ;
_c2024.
650 _aLiterature review
_9177884
650 _aTrend analysis through balance sheet
_9177885
700 _aSaha, Poulami.
_eGuide
_9177886
856 _uJanatha fish meal and oil products
_ywww.janathafishmeal.com
942 _2ddc
_cPRO
999 _c231580
_d231580